000 00551nam a2200217Ia 4500
003 OSt
005 20220928144745.0
006 a|||||r|||| 00| 0
007 ta
008 220927b |||||||| |||| 00| 0 eng d
024 _a73637
037 _cTextual
040 _aSDCL
_cSDCL
_beng
041 _2eng
_aeng
082 _aV58y7M79, L9
100 _aChakrabarty Banbehari Ed.
_9509553
245 0 _aStalin question.
260 _c1979
942 _hV58y7M79, L9
_cTEXL
_2CC
999 _c829534
_d829534